US States & Territories in 1865 on a Map - Statistics

General Stats
  • This quiz has been taken 2,225 times
  • The average score is 43 of 46
Answers on the Map
Answers color-coded by a green-red scale on the quiz's map according to % correct below.
 
Answer Stats
State/Territory % Correct
Texas
97%
California
96%
Florida
95%
Indian Territory
95%
Nevada
95%
New Mexico Territory
95%
New York
95%
Washington Territory
95%
Arizona Territory
94%
Dakota Territory
94%
Georgia
94%
Idaho Territory
94%
Maine
94%
Oregon
94%
Virginia
94%
Alabama
93%
Arkansas
93%
Kansas
93%
Louisiana
93%
Michigan
93%
Montana Territory
93%
New Jersey
93%
North Carolina
93%
Ohio
93%
South Carolina
93%
Utah Territory
93%
West Virginia
93%
Colorado Territory
92%
Illinois
92%
Kentucky
92%
Maryland
92%
Mississippi
92%
New Hampshire
92%
Pennsylvania
92%
Rhode Island
92%
Tennessee
92%
Vermont
92%
Connecticut
91%
Delaware
91%
Iowa
91%
Massachusetts
91%
Nebraska Territory
91%
Wisconsin
91%
Indiana
90%
Minnesota
90%
Missouri
90%
No matching quizzes found
Score Distribution
Percent of People with Each Score
Percentile by Number Answered
Your Score History
You have not taken this quiz